000 01223cam a22004334i 4500
003 PE-LiUPU
005 20251222153004.0
008 150625s r 000 0 d
035 _a(Sirsi) a32576
035 _a(Sirsi) a32576
040 _aPE-LiUPU
_bspa
_cPE-LiUPU
_erda
082 0 4 _a220.603
_bD545
_223
245 1 0 _aDiccionario de la teología práctica :
_bHermenéutica /
_cEditor general: Rodolfo G. Turnbull.
264 _aBuenos Aires :
_aMéxico :
_bEditorial Escanton,
_bLa Antorcha de México,
_c1976.
300 _a96 páginas ;
_c23 cm
336 _atext
_2rdacontent
337 _aunmediated
_2rdamedia
338 _avolume
_2rdacarrier
526 _aSEG44
526 _aSEG26
526 _aP151
526 _aP150
526 _aP149
526 _aP146
526 _aP145
526 _aP126
526 _aP125
526 _aP92
526 _aP75
526 _aP74
526 _aP27
526 _aP15
650 1 4 _aHermenéutica teológica
_xDiccionarios
_96078
650 2 4 _aTeología práctica
_xDiccionarios
_97751
700 _aTurnbull, Rodolfo G.,
_eeditor.
_97749
942 _2ddc
_cBK
980 _818226
_gJaime Vilcazán Jefe de Análisis Documental
999 _c40243
_d40243